Ciberciudadaní@ o ciudadaní@.com?
Na minha lista:
| Autor principal: | |
|---|---|
| Formato: | Livro |
| Idioma: | espanhol |
| Publicado em: |
Barcelona
Gedisa
2004
|
| Edição: | 1a. ed |
| Colecção: | Cla-De-Ma. Filosofía del Derecho
|
| Assuntos: | |
| Tags: |
Adicionar Tag
Sem tags, seja o primeiro a adicionar uma tag!
|
MARC
| LEADER | 00000nam a2200000 a 4500 | ||
|---|---|---|---|
| 001 | UCK7955 | ||
| 003 | CL-VaPUC | ||
| 008 | 060105e20040000SP |||||||||||||||||spa|d | ||
| 020 | |a 8497840186 | ||
| 082 | 0 | 4 | |a 323.6 |b PER |2 21 |
| 100 | 0 | |a Pérez Luño, Antonio-Enrique |e author |9 497687 | |
| 245 | 1 | 0 | |a Ciberciudadaní@ o ciudadaní@.com? |
| 250 | |a 1a. ed | ||
| 300 | |a 142 p | ||
| 942 | |c BK | ||
| 945 | |d 20060105 00:00:00 |a cmena | ||
| 260 | |a Barcelona |b Gedisa |c 2004 | ||
| 650 | 0 | |a Ciudadanía |9 258339 | |
| 650 | 7 | |a FILOSOFIA POLITICA |2 CL-VaPUC |9 497688 | |
| 650 | 0 | |a Cambio social |9 256857 | |
| 650 | 7 | |a GARANTIAS CONSTITUCIONALES |2 CL-VaPUC |9 497689 | |
| 583 | |a last modification |c 20060105 00:00:00 |k Rodrigo Vera | ||
| 490 | 0 | |a Cla-De-Ma. Filosofía del Derecho | |
| 999 | |c 315793 |d 315791 | ||
| 952 | |0 0 |1 0 |4 0 |6 323_600000000000000_PER_2004 |7 0 |8 A |9 389552 |a BIBDER |b BIBDER |d 2019-11-22 |i 4197275 |o 323.6 PER 2004 |p 4197275 |r 2023-01-25 |w 2019-11-22 |y BK |k DER | ||